000 00740nas a2200241 4500
001 BR0801374
003 BR-BrBNA
005 20231205111652.0
007 ta
008 230509b bl.|||p| |||| 00| 00por d
040 _aBR-BrBNA
_bpor
_cBiblioteca Nacional de Agricultura
041 _a(Pt)
072 _aL52
100 1 _aFurtado, E.
245 1 _aPrepona pheridamas pheridamas (Craner)e seus estágios imaturos (Lepidoptera, Nymphalidae, Charaxidae)
650 _aBORBOLETA
650 _aCRESCIMENTO
650 _aLARVA
650 _aHABITAT
773 0 _tRevista Brasileira de Zoologia (Brazil)
_xISSN 0101-8175
_g(Sep 2001), v. 18(3) p. 689-694
_wBR0801374
909 _a202311
_bLúcia
_c55
_dLúcia Elande
942 _2AGRIS
_n0
_cANA
999 _c193859
_d193859